000 00525cam a2200193ua 4500
003 OSt
008 250602b |||||||| |||| 00| 0 eng d
020 _a0-07-058116-9
041 _aeng
082 _a624.171
_bUTK/EL
100 _aCharles, Head Norris .
_97530
245 _aElementary structural analysis /
250 _a4 /
260 _aNew Delhi :
_bTata Mc-Graw Hill Publishing Company ,
_c1991.
300 _a829 ; .
700 1 _aJohn Benson, Wilbur .
_97531
700 1 _aSenol, Utku .
_97532
942 _cBK
999 _c11161
_d11161